000
00212 a2200097 4500
001
13618
100
_a
Marcuse H
245
_a
Soviet Marxism
260
_a
New York
_b
Colombia University
_c
090
_c
10616
_d
10616
942
_a
NUST-CAE
_c
M
_c
688
999
_c
248691
_d
248691